|
|
|
|
| LEADER |
00000cam a2200000 7i4500 |
| 001 |
0000278245 |
| 005 |
20200915095113.0 |
| 020 |
|
|
|a 9789671652886
|
| 090 |
0 |
0 |
|a 355.02
|b HEL
|
| 100 |
0 |
|
|a Helmi Effendy
|
| 245 |
0 |
0 |
|a Pertempuran-pertempuran agung :
|b seni pertempuran terulung
|c Helmi Effendy, Moustapha Abbas, Amir Zayyanid
|
| 260 |
|
|
|a Kuala Lumpur :
|b Patriots Publication ,
|c 2019
|
| 300 |
|
|
|a 410p. ;
|c 23cm.
|
| 650 |
|
0 |
|a Military art and science
|
| 650 |
|
0 |
|a Strategy
|
| 650 |
|
0 |
|a War
|
| 650 |
|
0 |
|a War
|x History
|
| 700 |
0 |
|
|a Amir Zayyanid
|
| 700 |
0 |
|
|a Moustapha Abbas
|
| 999 |
|
|
|a 00377291
|b BUKU
|c PINJAMAN
|e PERPUSTAKAAN KOMUNITI PETALING JAYA
|